La psychanalyse du feu

Enregistré dans:
Détails bibliographiques
Auteur principal: Bachelard, Gastón
Format: Livre
Langue:Undetermined
Publié: Francia Editores Gallimard 1971
Sujets:
Tags: Ajouter un tag
Pas de tags, Soyez le premier à ajouter un tag!

MARC

LEADER 00000nam a2200000Ia 4500
008 170316s9999 xx 000 0 und d
090 |a 100 B-1ps 
100 |a Bachelard, Gastón 
245 |a La psychanalyse du feu 
260 |a Francia 
260 |b Editores Gallimard 
260 |c 1971 
300 |a 184 páginas 
650 |a FILOSOFÍA 
999 |c 15670  |d 15670 
040 |a cru BVZT 
942 |c 15 D  |h 100 B-1ps  |2 z